| 000 | 01052nam a2200265 i 4500 | ||
|---|---|---|---|
| 001 | 109833 | ||
| 003 | ES-MaACL | ||
| 005 | 20231107120935.0 | ||
| 007 | t| | ||
| 008 | 140904s2013 sp r ||||1| spa d | ||
| 020 | _a978-84-616-5487-1 | ||
| 080 | _a821.134.2 Cervantes Saavedra, Miguel de 7 Quijote.07:34 | ||
| 080 | _a347.67(460)"16" | ||
| 100 | 1 |
_aGutiérrez Peña, Florencio, _d1953- _9175692 |
|
| 245 | 1 | 3 |
_aEl testamento de Alonso Quijano, en "El Quijote" / _cFlorencio Gutiérrez Peña. |
| 260 |
_aMadrid : _bF. Gutiérrez, _c2013. |
||
| 300 |
_a93 p. ; _c18 m. |
||
| 600 | 1 | 4 |
_aCervantes Saavedra, Miguel de, _d1547-1616. _tDon Quijote de la Mancha _937612 |
| 600 | 1 | 7 |
_aCervantes Saavedra, Miguel de, _d1547-1616- _xConocimientos- _xDerecho _9155379 |
| 650 | 4 |
_aTestamentos- _zEspaña- _yS.XVII. _9155380 |
|
| 852 |
_aES-MaACL _jA-13221 _9113993 _bR.149969 _cDEPO1 _dOlim: N-6221 _hDonación: Florencio Gutiérrez Peña |
||
| 903 |
_9175692 _aGutiérrez Peña, Florencio, _d1953- _ednr |
||
| 942 |
_2udc _cMONOGRAFIA |
||
| 999 |
_c109833 _d109833 |
||